| 000 -CABECERA |
| Longitud fija campo de control |
00830aam a22002297a 4500 |
| 003 - IDENTIFICADOR DEL NÚMERO DE CONTROL |
| Identificador del número de control |
OSt |
| 005 - FECHA Y HORA DE LA ÚLTIMA TRANSACCIÓN |
| Fecha y hora de la última transacción |
20191125164935.0 |
| 008 - CÓDIGOS DE INFORMACIÓN DE LONGITUD FIJA |
| Códigos de información de longitud fija |
191125e201906 spca||||| 000 h cat|d |
| 017 ## - NÚMERO DE COPYRIGHT O DE DEPÓSITO LEGAL |
| Número de copyright o de depósito legal |
DL B 14013-2019 |
| Agencia que asigna el número |
Biblioteca de Catalunya |
| 020 ## - NÚMERO INTERNACIONAL NORMALIZADO PARA LIBROS |
| Número Internacional Normalizado para Libros (ISBN) |
9788477276128 |
| 040 ## - FUENTE DE LA CATALOGACIÓN |
| Centro catalogador de origen |
ES-BaFC |
| Lengua de catalogación |
cat |
| Centro transcriptor |
CDMR |
| 043 ## - CÓDIGO DE ÁREA GEOGRÁFICA |
| Código de área geográfica |
n-us--- |
| 100 1# - PUNTO DE ACCESO PRINCIPAL-NOMBRE DE PERSONA |
| Nombre de persona |
Castanys, Valentí |
| Fechas asociadas al nombre |
1898-1965, |
| 9 (RLIN) |
1427 |
| 245 10 - MENCIÓN DE TÍTULO |
| Título |
Barcelona-Hollywood |
| Resto del título |
: (radiocinema sonor) / |
| Mención de responsabilidad, etc. |
Valentí Castanys ; presentació d'Enric Gomà |
| 260 ## - PUBLICACIÓN, DISTRIBUCIÓN, ETC. (PIE DE IMPRENTA) |
| Lugar de publicación, distribución, etc. |
Barcelona : |
| Nombre del editor, distribuidor, etc. |
Quaderns Crema, |
| Fecha de publicación, distribución, etc. |
2019 |
| 300 ## - DESCRIPCIÓN FÍSICA |
| Extensión |
116 p. : |
| Otras características físicas |
il ; |
| Dimensiones |
21 cm |
| 600 10 - PUNTO DE ACCESO ADICIONAL DE MATERIA - NOMBRE DE PERSONA |
| Nombre de persona |
Castanys, Valentí |
| Fechas asociadas al nombre |
1898-1965 |
| Fuente de encabezamiento o te&ecute,rmino |
lemac |
| 9 (RLIN) |
1427 |
| 650 #7 - PUNTO DE ACCESO ADICIONAL DE MATERIA - TÉRMINO DE MATERIA |
| Término de materia o nombre geográfico como elemento inicial |
Cinematografia |
| Subdivisión de materia general |
Història i crítica |
| -- |
Obres humorístiques |
| Fuente del encabezamiento o término |
lemac |
| 9 (RLIN) |
3454 |
| 650 #7 - PUNTO DE ACCESO ADICIONAL DE MATERIA - TÉRMINO DE MATERIA |
| Término de materia o nombre geográfico como elemento inicial |
Cinematografia |
| Subdivisión geográfica |
Estats Units d'Amèrica |
| Subdivisión de materia general |
Història i crítica |
| Fuente del encabezamiento o término |
lemac |
| 700 1# - PUNTO DE ACCESO ADICIONAL - NOMBRE DE PERSONA |
| Nombre de persona |
Gomà, Enric, |
| 942 ## - ENTRADA DE ELEMENTOS AGREGADOS (KOHA) |
| Koha [por defecto] tipo de item |
Monografies |